| 000 | 00685nac a22001931u 4500 | ||
|---|---|---|---|
| 020 | _a9812436839 | ||
| 082 | 0 | 0 |
_a344.1 _bG9818 |
| 090 |
_c1132 _d1132 |
||
| 100 | _aGurusamy, S. | ||
| 245 | 0 | 0 |
_aFinancial Services and Markets / _cS. Gurusamy. |
| 250 | _a1st ed. | ||
| 260 |
_aAustralia : _bThomson Learning; _c2004. |
||
| 300 |
_a806 p. : _c24 cm. |
||
| 500 | _aIncludes index. | ||
| 650 | 0 |
_aFinancial services industry _xLaw and legislation |
|
| 650 | 0 |
_aFinancial institutions _xLaw and legislation |
|
| 942 |
_cBB _k344.1G9818 |
||
| 999 |
_c1132 _d1132 |
||